Adivina logos de las ligas americanas - Estadísticas

Estadísticas generales
  • Esta prueba ha sido intentada 16 veces
  • La puntuación promedio es 3 de 16
Estadísticas de respuestas
Imagen Respuesta % Correcto
Major League Soccer
94%
Liga MX
75%
Brasileirao Betano
50%
Liga Betplay Dimayor
19%
LigaPro
19%
Liga Profesional Argentina
19%
Copa de Primera
13%
Liga 1
13%
Liga AUF
13%
Liga Promerica
13%
Liga Futve
6%
Liga de Primera Itau
0%
Liga Hondubet
0%
Liga Panameña de Futbol
0%
Liga Primera Nicaragua
0%
Liga Tecno
0%
No se encontraron pruebas coincidentes
Distribución de puntuación
Porcentaje de gente con cada puntuación
Porcentaje por número respondido
Historial de tus puntuaciones
No has intentado esta prueba.